Introduction to distribution logistics

Guardat en:
Dades bibliogràfiques
Autor principal: Brandimarte, Paolo (Autor)
Format: Llibre
Idioma:anglès
Publicat: Content Technologies Inc. 2012
Edició:1a. ed
Matèries:
Etiquetes: Afegir etiqueta
Sense etiquetes, Sigues el primer a etiquetar aquest registre!

MARC

LEADER 00000cam a2200000 a 4500
001 UCF0102
003 CL-VaPUC
008 120427e20120000US |||||||||||||||||eng|d
082 0 4 |a 658.4032  |b BRA  |2 21 
100 0 |a Brandimarte, Paolo  |e author  |9 561926 
245 1 0 |a Introduction to distribution logistics 
250 |a 1a. ed 
300 |a 91 p 
942 |c BK 
945 |d 20120427 00:00:00  |a dcastane 
260 |b Content Technologies Inc.  |c 2012 
650 0 |a Análisis de redes de planificación  |9 561927 
650 7 |a LOGISTICA  |2 CL-VaPUC  |9 485423 
650 7 |a GESTION DE PRODUCCION  |2 CL-VaPUC  |9 406319 
650 0 |a Análisis estadístico  |9 269506 
650 0 |a Control de inventario  |9 263777 
583 |a last modification  |c 20120904 05:39:27  |k Rodrigo Vera 
999 |c 347584  |d 347582 
952 |0 0  |1 0  |4 0  |6 658_403200000000000_BRA_2012  |7 0  |8 A  |9 449022  |a BIBING  |b BIBING  |d 2019-11-22  |i 4859898  |o 658.4032 BRA 2012  |p 4859898  |r 2025-01-20  |w 2019-11-22  |y BK  |k EII